000 00289nam a22001337a 4500
008 170201b xxu||||| |||| 00| 0 eng d
020 _a9780723421986
041 _aeng
080 _22ED
_a61
100 _a3
101 _aSHM
245 _aCLINICAL MEDICINE
_cFORBES CH.D
942 _2udc
_cBK
999 _c4193
_d4193